| 000 | 00374cam a22001217a 4500 | ||
|---|---|---|---|
| 008 | 180718b1980 xxu||||| |||| 00| 0 eng d | ||
| 082 | _aB19 J73 | ||
| 100 | _aJones, Thomas E. | ||
| 245 |
_aOptions for the future: a comparative analysis of policy-oriented forecasts _cby Thomas E. Jones |
||
| 260 |
_aNew York _bPraeger _c1980 |
||
| 300 | _axxii, 348p | ||
| 650 | _aForecasting. | ||
| 999 |
_c419051 _d419051 |
||